Statistiques concernant Culture Générale - Série 1079

Cliquez ici pour prendre le quiz!

Statistiques générales

  • Ce quiz a été pris 55 fois
  • Le résultat moyen est 5 sur 10

Statistiques - réponses

QuestionRéponse% Correct
Quel auteur dramatique français a écrit "Le Malade imaginaire" en 1673 ?Molière
100%
Quelle branche de la médecine tient son nom du mot grec "gunê", qui signifie "femme" ?gynécologie
92%
Quel ancien Premier ministre, est l'actuel maire de Bordeaux ?Alain Juppé
80%
A quel écrivain français doit-on le conte philosophique "Micromégas" en 1752 ?Voltaire
51%
À quel chanteur Johnny Hallyday répond-il avec la chanson “Cheveux longs et idées courtes” en 1966 ?Antoine
49%
Quelle branche des Capétiens a régné sur la France de 1328 à 1589 ?Les Valois
31%
Dans les années 1970, quel chanteur belge, né en Sicile, interprète les tubes "Laisse-moi vivre ma vie" et "N'oublie jamais" ?Frédéric François
31%
En 1894, à quel compositeur français doit-on “Prélude à l'après-midi d'un faune” ?Claude Debussy
16%
Quel chef indien, né en 1812 de la tribu des Chiricahuas, unifia la nation apache avec Geronimo ?Cochise
12%
Comment s'appelle le jeune héros du roman de Stevenson “L'Île au trésor” ?Jim Hawkins
2%

Distribution des résultats

Percentile par nombre de réponses

% des personnes avec chaque résultat

Votre développement - résultats

Vous n’avez pas pris ce quiz